Statystyki dla Quiz o Warszawie - Konkurs02

Kliknij tutaj aby rozwiązać quiz!

Ogólne statystyki

  • Ten quiz został rozwiązany 64 razy
  • Średni wynik to 17 z 30

Statystyki odpowiedzi

WskazówkaOdpowiedź% Poprawnych
Województwo na którym leży Warszawamazowieckie
100%
Główna rzeka przepływająca przez WarszawęWisła
98%
Prezydent miasta stołecznego WarszawyRafał Trzaskowski
91%
Państwo najbliżej WarszawyBiałoruś
80%
Drugi pod względem wysokości budynek w PolscePałac Kultury i Nauki
79%
Klub piłkarski, zajmujący pierwsze miejsce w tabeli wszech czasów Ekstraklasy, z siedzibą w WarszawieLegia Warszawa
77%
Rok, w którym wydarzyła się Bitwa Warszawska (cud nad Wisłą)1920
73%
Lista, na którą zostało wpisane Stare Miasto w WarszawieUNESCO
73%
Stadion, położony w Warszawie, wybudowany w latach 2008-2011Stadion Narodowy imienia Kazimierza Górskiego w Warszawie
70%
Naród, który w 1939 roku, w tym mieście Europy tworzył największe skupiskoŻydzi
68%
Państwo, które w latach 1807-1815 miała stolicę w WarszawieKsięstwo Warszawskie
64%
Legenda o powstaniu WarszawyLegenda o Warsie i Sawie
64%
Odkrywczyni polonu i radu, która urodziła się w WarszawieMaria Skłodowska-Curie
64%
Największy port lotniczy w Polsce, położony w tym mieścieLotnisko Chopina w Warszawie
61%
Ulica, przy której jest usytuowany Sejm Rzeczypospolitej PolskiejWiejska
61%
Jedyne miasto europejskie, rozpoczynające się na literę W, większe niż WarszawaWiedeń
55%
Wiek, w którym została założona WarszawaXIII
52%
Zawody kolarskie, których trasa była prowadzona m.in. przez WarszawęTour de Pologne
50%
Król, który przeniósł stolicę Polski z Krakowa do WarszawyZygmunt III Waza
50%
Największe muzeum w WarszawieMuzeum Narodowe w Warszawie
46%
Pomnik położony na Placu Zamkowym w WarszawieKolumna Zygmunta III Wazy
45%
Bank centralny z główną siedzibą w WarszawieNarodowy Bank Polski
43%
Najwyższa budowla w WarszawieVarso
43%
Droga ekspresowa, która tworzy Południową Obwodnicę WarszawyS2
32%
Tajne struktury państwa polskiego w czasie II wojny światowejPolskie Państwo Podziemne
27%
Ogłosił w 1949 roku plan sześcioletni odbudowy WarszawyBolesław Bierut
25%
Most nad Wisłą wysunięty najdalej na południe, będący w granicach miastaMost Południowy
21%
Sejm walny, który został zwołany w latach 1788-1792Sejm czteroletni
16%
Kanał częściowo położony w Warszawie, łączący Wisłę z Jeziorem ZegrzyńskimKanał Żerański
13%
Budynek, który był rezydencją książąt mazowieckichZamek Królewski w Warszawie
11%

Rozkład punktacji

Percentyl według liczby udzielonych odpowiedzi

Procent ludzi z każdym wynikiem

Twoja historia wyników

Nie rozwiązałeś tego quizu